[Event "Primera Copa Universidad La Punta 2009"]
[Site "Buenos Aires ARG"]
[Date "2009.05.26"]
[Round "3.6"]
[White "Pichot, Alan"]
[Black "Della Morte, German"]
[Result "0-1"]
[WhiteElo "2014"]
[BlackElo "2382"]
[PlyCount "58"]
[EventDate "2009.05.25"]
[EventType "swiss"]
[EventRounds "9"]
[EventCountry "ARG"]
[Source "lmi"]
[SourceDate "2009.05.25"]

1. e4 e5 2. Nf3 Nc6 3. Bb5 a6 4. Ba4 Nf6 5. Qe2 b5 6. Bb3 Be7 7. c3 d6 8. O-O
O-O 9. d3 h6 10. Rd1 Na5 11. Bc2 c5 12. Nbd2 Qc7 13. Nf1 Re8 14. Ng3 Bf8 15.
Nh4 g6 16. h3 Be6 17. Be3 d5 18. Qf3 Qe7 19. Ne2 d4 20. Bd2 Nc6 21. Kh2 Ng4+
22. Kg3 h5 23. cxd4 exd4 24. Ng1 g5 25. Nf5 Qc7+ 26. Bf4 gxf4+ 27. Kh4 Qd8+ 28.
Kxh5 Nf6+ 29. Kh4 Nxe4+ 0-1

[Event "Primera Copa Universidad La Punta 2009"]
[Site "Buenos Aires ARG"]
[Date "2009.05.26"]
[Round "3.7"]
[White "Barrionuevo, Pablo"]
[Black "Malajovich, Sandra"]
[Result "1-0"]
[WhiteElo "2320"]
[BlackElo "2111"]
[PlyCount "79"]
[EventDate "2009.05.25"]
[EventType "swiss"]
[EventRounds "9"]
[EventCountry "ARG"]
[Source "lmi"]
[SourceDate "2009.05.25"]

1. e4 c5 2. Nc3 Nc6 3. f4 e6 4. Nf3 d6 5. d4 a6 6. Be3 Nf6 7. h3 b5 8. a3 b4 9.
axb4 cxb4 10. Na4 d5 11. e5 Ne4 12. Bd3 Ng3 13. Rg1 Be7 14. Bf2 Ne4 15. Qe2
Nxf2 16. Qxf2 Bd7 17. Nd2 Na7 18. Nb3 Bb5 19. Nac5 Bxd3 20. cxd3 Nc6 21. Ke2
Qb6 22. Rgc1 a5 23. Kf1 Qb5 24. f5 exf5 25. Qxf5 O-O 26. Qd7 Ra7 27. Qxd5 a4
28. Nd2 Bg5 29. Ke1 Rd8 30. Qc4 Nxd4 31. Qxb5 Nxb5 32. Rc4 Bxd2+ 33. Kxd2 Rc8
34. Rxa4 Rac7 35. Raxb4 Na7 36. Na6 Rc6 37. Rxc6 Nxc6 38. Rc4 Kf8 39. b4 Ne7
40. b5 1-0

[Event "Primera Copa Universidad La Punta 2009"]
[Site "Buenos Aires ARG"]
[Date "2009.05.26"]
[Round "3.8"]
[White "Tristan, Leonardo"]
[Black "Pina, Ulises"]
[Result "1-0"]
[WhiteElo "2393"]
[BlackElo "2310"]
[PlyCount "59"]
[EventDate "2009.05.25"]
[EventType "swiss"]
[EventRounds "9"]
[EventCountry "ARG"]
[Source "lmi"]
[SourceDate "2009.05.25"]

1. e4 e5 2. Nf3 Nc6 3. Bb5 Nd4 4. Nxd4 exd4 5. O-O c6 6. Bc4 Nf6 7. e5 d5 8.
Bd3 Ne4 9. Qf3 Qh4 10. g3 Qh3 11. Bxe4 Bg4 12. Qg2 dxe4 13. Qxe4 O-O-O 14. d3
f5 15. exf6 Bd6 16. f7 Rhf8 17. Bg5 Rxf7 18. Nd2 Rdf8 19. Qxd4 Bc7 20. Qxa7 Rf5
21. f4 h6 22. Be7 Re8 23. Rae1 Rh5 24. Bh4 Rxe1 25. Rxe1 Bd7 26. Nc4 Rxh4 27.
Qa8+ Bb8 28. Nd6+ Kc7 29. Qxb7+ Kxd6 30. Qxb8+ 1-0

[Event "Primera Copa Universidad La Punta 2009"]
[Site "Buenos Aires ARG"]
[Date "2009.05.26"]
[Round "3.9"]
[White "Lanza, Luciano"]
[Black "Garcia, Raimundo"]
[Result "0-1"]
[WhiteElo "2114"]
[BlackElo "2342"]
[PlyCount "94"]
[EventDate "2009.05.25"]
[EventType "swiss"]
[EventRounds "9"]
[EventCountry "ARG"]
[Source "lmi"]
[SourceDate "2009.05.25"]

1. e4 c5 2. Nf3 e6 3. d4 cxd4 4. Nxd4 a6 5. Bd3 Nf6 6. O-O d6 7. c4 g6 8. Nc3
Bg7 9. Be3 O-O 10. Qe2 Nc6 11. Rad1 Qc7 12. h3 Bd7 13. Bb1 Rfd8 14. f4 Rac8 15.
b3 Be8 16. f5 Qe7 17. fxe6 fxe6 18. Nxc6 Bxc6 19. Bg5 Rf8 20. Bf4 Rcd8 21. Qd3
Nh5 22. Bh2 Rxf1+ 23. Rxf1 Qg5 24. b4 Rf8 25. Rxf8+ Bxf8 26. Bc2 Nf4 27. Qg3
Qxg3 28. Bxg3 Nh5 29. Bf2 Bg7 30. Ne2 Be5 31. Nd4 Bd7 32. Nf3 Bc3 33. Be1 Bxe1
34. Nxe1 e5 35. Nd3 Nf4 36. Nxf4 exf4 37. Kf2 Kg7 38. Kf3 g5 39. a4 Kf6 40. a5
Ke5 41. Bd3 h5 42. b5 g4+ 43. hxg4 hxg4+ 44. Ke2 Kd4 45. bxa6 bxa6 46. c5 Kxc5
47. Bxa6 Bb5+ 0-1

[Event "Primera Copa Universidad La Punta 2009"]
[Site "Buenos Aires ARG"]
[Date "2009.05.26"]
[Round "3.10"]
[White "Bitelmajer, Martin"]
[Black "Godoy, Luciano"]
[Result "1-0"]
[WhiteElo "2314"]
[BlackElo "2117"]
[PlyCount "49"]
[EventDate "2009.05.25"]
[EventType "swiss"]
[EventRounds "9"]
[EventCountry "ARG"]
[Source "lmi"]
[SourceDate "2009.05.25"]

1. d4 e6 2. c4 f5 3. g3 Nf6 4. Bg2 c6 5. Nc3 d5 6. Nh3 Bd6 7. Bf4 O-O 8. Bxd6
Qxd6 9. Nf4 Nbd7 10. O-O Ne4 11. Nxe4 dxe4 12. e3 Nf6 13. Qb3 g5 14. Ne2 h5 15.
f3 e5 16. fxe4 Nxe4 17. Bxe4 fxe4 18. c5+ Qe6 19. Rxf8+ Kxf8 20. Qc2 exd4 21.
Nxd4 Qe5 22. Rf1+ Ke7 23. Qc3 Qd5 24. Nxc6+ Kd7 25. Nb4 1-0

[Event "Primera Copa Universidad La Punta 2009"]
[Site "Buenos Aires ARG"]
[Date "2009.05.26"]
[Round "3.14"]
[White "Duarte, Leonardo"]
[Black "Chadubi, Fidel"]
[Result "1-0"]
[WhiteElo "2439"]
[BlackElo "2009"]
[PlyCount "92"]
[EventDate "2009.05.25"]
[EventType "swiss"]
[EventRounds "9"]
[EventCountry "ARG"]
[Source "lmi"]
[SourceDate "2009.05.25"]

1. e4 e6 2. d4 d5 3. Nc3 Nf6 4. Bg5 Be7 5. e5 Nfd7 6. Bxe7 Qxe7 7. f4 a6 8. Nf3
c5 9. Qd2 Nc6 10. dxc5 Nxc5 11. O-O-O Bd7 12. Bd3 b5 13. g4 b4 14. Ne2 a5 15.
Kb1 a4 16. Ned4 b3 17. Nxc6 Bxc6 18. Nd4 bxa2+ 19. Ka1 Qb7 20. Qc3 Nxd3 21.
cxd3 Bd7 22. Rc1 O-O 23. f5 Rfc8 24. Qd2 Qb6 25. Qf2 Rc5 26. Kxa2 Rb5 27. fxe6
Bxe6 28. Rhf1 Rb8 29. Nxb5 d4+ 30. Ka1 Qxb5 31. Qc2 a3 32. b4 Qxb4 33. Rb1 Bb3
34. Qc7 Qc3+ 35. Qxc3 dxc3 36. Rf2 h6 37. Rc2 a2 38. Rxa2 Rc8 39. Ra3 Be6 40.
Rc1 c2 41. Kb2 Bxg4 42. Rxc2 Rd8 43. Kc3 Bf5 44. Rd2 g5 45. Kb4 Bg6 46. Ra5 Kg7
1-0

[Event "Primera Copa Universidad La Punta 2009"]
[Site "Buenos Aires ARG"]
[Date "2009.05.26"]
[Round "3.21"]
[White "Paz, Mario"]
[Black "Elman, Cristian"]
[Result "1/2-1/2"]
[WhiteElo "1809"]
[BlackElo "2170"]
[PlyCount "47"]
[EventDate "2009.05.25"]
[EventType "swiss"]
[EventRounds "9"]
[EventCountry "ARG"]
[Source "lmi"]
[SourceDate "2009.05.25"]

1. d4 Nf6 2. c4 c5 3. e3 g6 4. Nf3 Bg7 5. Nc3 O-O 6. Be2 d5 7. O-O dxc4 8. Bxc4
cxd4 9. exd4 Nc6 10. Re1 Bg4 11. d5 Na5 12. Be2 Qd6 13. Qa4 b6 14. Bf4 Qd8 15.
Rad1 Rc8 16. d6 exd6 17. Rxd6 Bd7 18. Qd1 Nb7 19. Rd2 Qe7 20. Ba6 Be6 21. Ng5
Rc6 22. Nf3 Rfc8 23. Ne5 R6c7 24. Nf3 1/2-1/2

[Event "Primera Copa Universidad La Punta 2009"]
[Site "Buenos Aires ARG"]
[Date "2009.05.27"]
[Round "4.1"]
[White "Liascovich, Lucas"]
[Black "Rodriguez Villa, Andres"]
[Result "1-0"]
[WhiteElo "2439"]
[BlackElo "2524"]
[PlyCount "85"]
[EventDate "2009.05.25"]
[EventType "swiss"]
[EventRounds "9"]
[EventCountry "ARG"]
[Source "lmi"]
[SourceDate "2009.05.25"]

1. e4 c5 2. c3 e6 3. Nf3 d5 4. exd5 exd5 5. d4 Nc6 6. Bb5 c4 7. Ne5 Qb6 8. Qa4
Nge7 9. O-O f6 10. Nf3 Bg4 11. Nbd2 O-O-O 12. b3 Nb8 13. bxc4 a6 14. Be8 Qc7
15. Bf7 Nbc6 16. Ba3 h5 17. Rfe1 h4 18. h3 Bf5 19. Nb3 Bd7 20. Nc5 Nxd4 21.
Nxd7 Nxf3+ 22. gxf3 Rxd7 23. Be6 Nc6 24. Rad1 Bxa3 25. Qxa3 Kb8 26. Bxd7 Qxd7
27. Kg2 Rh5 28. Qf8+ Ka7 29. Qc5+ b6 30. Rxd5 Rg5+ 31. Kh2 Qb7 32. Qd6 Ne5 33.
Rexe5 Rxe5 34. Rxe5 fxe5 35. Qxe5 Qf7 36. c5 bxc5 37. Qxc5+ Kb7 38. Qb4+ Kc7
39. a3 Qxf3 40. Qxh4 Qf5 41. Qd4 Qf7 42. Kg3 Qg6+ 43. Kh2 1-0

[Event "Primera Copa Universidad La Punta 2009"]
[Site "Buenos Aires ARG"]
[Date "2009.05.27"]
[Round "4.2"]
[White "Alonso, Salvador"]
[Black "Barrionuevo, Pablo"]
[Result "0-1"]
[WhiteElo "2489"]
[BlackElo "2320"]
[PlyCount "96"]
[EventDate "2009.05.25"]
[EventType "swiss"]
[EventRounds "9"]
[EventCountry "ARG"]
[Source "lmi"]
[SourceDate "2009.05.25"]

1. e4 c5 2. Nf3 Nc6 3. Nc3 g6 4. d4 cxd4 5. Nxd4 Bg7 6. Be3 Nf6 7. Bc4 Qa5 8.
O-O O-O 9. Nb3 Qc7 10. Re1 b6 11. Bf1 Bb7 12. Nd5 Nxd5 13. exd5 Nb4 14. c4 Bxb2
15. Rb1 Be5 16. Qd2 Na6 17. g3 d6 18. Bd4 Bxd4 19. Nxd4 Nc5 20. Nf5 Rae8 21.
Nh6+ Kg7 22. Ng4 Bc8 23. Qd4+ f6 24. Ne3 Kg8 25. h4 Nd7 26. h5 Ne5 27. Be2 Qc5
28. Qd2 Bd7 29. Kg2 Nf7 30. Bd3 Kg7 31. Qc2 Ne5 32. Bf1 Qc8 33. f4 Bh3+ 34. Kf2
Ng4+ 35. Nxg4 Bxg4 36. hxg6 hxg6 37. Bd3 Rh8 38. Rh1 Qc5+ 39. Kg2 Qe3 40. Be4
Rxh1 41. Rxh1 e5 42. Rh7+ Kxh7 43. Bxg6+ Kg7 44. Bxe8 Bf3+ 45. Kf1 Be4 46. Qd1
Qxg3 47. Bh5 Qxf4+ 48. Ke1 Qg3+ 0-1

[Event "Primera Copa Universidad La Punta 2009"]
[Site "Buenos Aires ARG"]
[Date "2009.05.27"]
[Round "4.3"]
[White "Della Morte, German"]
[Black "Slipak, Sergio"]
[Result "0-1"]
[WhiteElo "2382"]
[BlackElo "2446"]
[PlyCount "48"]
[EventDate "2009.05.25"]
[EventType "swiss"]
[EventRounds "9"]
[EventCountry "ARG"]
[Source "lmi"]
[SourceDate "2009.05.25"]

1. e4 c6 2. d4 d5 3. e5 Bf5 4. Nc3 e6 5. g4 Bg6 6. Nge2 h5 7. Nf4 Ne7 8. Nxg6
Nxg6 9. gxh5 Ne7 10. Bd3 Qb6 11. Qg4 Nd7 12. Bd2 c5 13. dxc5 Nxc5 14. Bb5+ Nc6
15. Be3 O-O-O 16. b4 d4 17. bxc5 Qxc5 18. O-O dxe3 19. Bxc6 Qxc6 20. Ne4 f5 21.
exf6 gxf6 22. Rad1 Be7 23. Rxd8+ Rxd8 24. Qf4 e2 0-1

[Event "Primera Copa Universidad La Punta 2009"]
[Site "Buenos Aires ARG"]
[Date "2009.05.27"]
[Round "4.4"]
[White "Bronstein, Luis Marcos"]
[Black "Krysa, Leandro"]
[Result "1-0"]
[WhiteElo "2401"]
[BlackElo "2238"]
[PlyCount "63"]
[EventDate "2009.05.25"]
[EventType "swiss"]
[EventRounds "9"]
[EventCountry "ARG"]
[Source "lmi"]
[SourceDate "2009.05.25"]

1. d4 Nf6 2. c4 g6 3. Nc3 d5 4. Nf3 Bg7 5. cxd5 Nxd5 6. e4 Nxc3 7. bxc3 c5 8.
Rb1 O-O 9. Be2 b6 10. O-O Bb7 11. Qd3 Ba6 12. Qe3 Qd7 13. dxc5 Bxe2 14. Qxe2
bxc5 15. Qc4 Nc6 16. Bf4 Rfd8 17. Ng5 e6 18. Qa6 Rac8 19. Rb7 Qd3 20. Qxd3 Rxd3
21. Nxf7 Rxc3 22. Nh6+ Kh8 23. Nf7+ Kg8 24. Bh6 Nd8 25. Nxd8 Bxh6 26. Nxe6 Rd3
27. f4 c4 28. f5 c3 29. f6 Rd6 30. f7+ Kh8 31. Rc7 Rdd8 32. Nxd8 1-0

[Event "Primera Copa Universidad La Punta 2009"]
[Site "Buenos Aires ARG"]
[Date "2009.05.27"]
[Round "4.5"]
[White "Malbran, Guillermo"]
[Black "Tristan, Leonardo"]
[Result "1/2-1/2"]
[WhiteElo "2238"]
[BlackElo "2393"]
[PlyCount "37"]
[EventDate "2009.05.25"]
[EventType "swiss"]
[EventRounds "9"]
[EventCountry "ARG"]
[Source "lmi"]
[SourceDate "2009.05.25"]

1. e4 g6 2. d4 Bg7 3. Nf3 d6 4. Nc3 a6 5. a4 b6 6. Bd3 e6 7. O-O Bb7 8. Re1 Nd7
9. Bf4 Ne7 10. Ne2 e5 11. dxe5 dxe5 12. Bg3 O-O 13. Nc3 Kh8 14. Bc4 f6 15. Qe2
c6 16. Rad1 Qe8 17. Qd2 Bc8 18. Qd6 Ra7 19. b4 1/2-1/2

[Event "Primera Copa Universidad La Punta 2009"]
[Site "Buenos Aires ARG"]
[Date "2009.05.27"]
[Round "4.6"]
[White "Garcia, Raimundo"]
[Black "Fernandez, Maria F"]
[Result "0-1"]
[WhiteElo "2342"]
[BlackElo "2105"]
[PlyCount "66"]
[EventDate "2009.05.25"]
[EventType "swiss"]
[EventRounds "9"]
[EventCountry "ARG"]
[Source "lmi"]
[SourceDate "2009.05.25"]

1. Nf3 Nf6 2. c4 g6 3. Nc3 Bg7 4. g3 d6 5. d4 O-O 6. Bg2 c6 7. O-O Qb6 8. b3
Nbd7 9. h3 Re8 10. e4 e5 11. Be3 Qa5 12. Qc2 Nh5 13. Rad1 Rf8 14. Kh2 f5 15. d5
c5 16. Ng5 f4 17. Bc1 a6 18. Ne6 Rf7 19. Bd2 Qb6 20. Qd3 Nf8 21. Nxg7 Kxg7 22.
Bf3 Qd8 23. Bxh5 gxh5 24. gxf4 exf4 25. Ne2 Ng6 26. Bc3+ Kg8 27. e5 dxe5 28. d6
Qh4 29. Ng1 Bd7 30. Rde1 Rc8 31. Qd5 Bc6 32. Qxc5 f3 33. b4 Qg5 0-1

[Event "Primera Copa Universidad La Punta 2009"]
[Site "Buenos Aires ARG"]
[Date "2009.05.27"]
[Round "4.7"]
[White "Rodriguez, Esteban"]
[Black "Bitelmajer, Martin"]
[Result "0-1"]
[WhiteElo "2151"]
[BlackElo "2314"]
[PlyCount "112"]
[EventDate "2009.05.25"]
[EventType "swiss"]
[EventRounds "9"]
[EventCountry "ARG"]
[Source "lmi"]
[SourceDate "2009.05.25"]

1. e4 e5 2. Nf3 Nc6 3. Bb5 a6 4. Bxc6 dxc6 5. O-O Qd6 6. Na3 Be6 7. Qe2 Ne7 8.
Nc4 Bxc4 9. Qxc4 Ng6 10. d4 Be7 11. Be3 O-O 12. Qb3 exd4 13. Bxd4 c5 14. Be3
Qc6 15. Rfe1 Bf6 16. c3 Rfe8 17. Nd2 Ne5 18. f4 Ng4 19. Qc2 Rad8 20. e5 Qd5 21.
Ne4 Bxe5 22. fxe5 Qxe5 23. Bf2 Qxh2+ 24. Kf1 Qh1+ 25. Bg1 Qh6 26. Nd2 Qf4+ 27.
Nf3 g6 28. Rad1 Qc4+ 29. Re2 Kg7 30. Rxd8 Rxd8 31. b3 Qf4 32. Re4 Qf5 33. Qe2
Nf6 34. Re5 Qb1+ 35. Ne1 Nh5 36. Rxh5 gxh5 37. Qe5+ Kg6 38. Qg3+ Kf5 39. Qxc7
Rd1 40. Qxf7+ Kg4 41. Qf3+ Kg5 42. Be3+ Kg6 43. Qg3+ Kf7 44. Qf4+ Ke6 45. Qc4+
Rd5 46. Bxc5 b5 47. Qe2+ Re5 48. Be3 Qe4 49. Nc2 Kd7 50. Kg1 Kc8 51. a4 h4 52.
axb5 axb5 53. Qf2 Rf5 54. Qd2 h3 55. Ne1 Rf1+ 56. Kh2 Rxe1 0-1

[Event "Primera Copa Universidad La Punta 2009"]
[Site "Buenos Aires ARG"]
[Date "2009.05.27"]
[Round "4.8"]
[White "Elias, Leonardo"]
[Black "Duarte, Leonardo"]
[Result "0-1"]
[WhiteElo "2126"]
[BlackElo "2439"]
[PlyCount "98"]
[EventDate "2009.05.25"]
[EventType "swiss"]
[EventRounds "9"]
[EventCountry "ARG"]
[Source "lmi"]
[SourceDate "2009.05.25"]

1. e4 c5 2. Nf3 e6 3. d3 Nc6 4. g3 g6 5. Bg2 Bg7 6. O-O Nge7 7. c3 d5 8. Qc2 d4
9. c4 O-O 10. a3 f5 11. Re1 e5 12. exf5 gxf5 13. Bg5 Qc7 14. Bxe7 Qxe7 15. Nbd2
Qd6 16. Rab1 Kh8 17. Qd1 Bf6 18. Qa4 a5 19. h4 Bd7 20. Qd1 Rae8 21. Nh2 Bg7 22.
Qh5 Re7 23. Bd5 Be8 24. Qd1 Qh6 25. Bf3 Bg6 26. Nhf1 e4 27. h5 Be8 28. dxe4 f4
29. g4 Ne5 30. Nh2 Bd7 31. b4 axb4 32. axb4 Nd3 33. bxc5 Nxe1 34. Qxe1 Bc6 35.
Qe2 Qg5 36. Qd3 Qxc5 37. Nhf1 Ra8 38. Bg2 Ra3 39. Rb3 Ra1 40. Rb1 Rxb1 41. Qxb1
Re8 42. Qd3 Ra8 43. Nb3 Qb4 44. h6 Be5 45. Nfd2 Qc3 46. Qh3 Qxh3 47. Bxh3 Ra3
48. Bg2 d3 49. Nf3 Rxb3 0-1

[Event "Primera Copa Universidad La Punta 2009"]
[Site "Buenos Aires ARG"]
[Date "2009.05.27"]
[Round "4.9"]
[White "Quiroga, Facundo"]
[Black "Palmero, Pablo"]
[Result "1-0"]
[WhiteElo "2329"]
[BlackElo "2139"]
[PlyCount "68"]
[EventDate "2009.05.25"]
[EventType "swiss"]
[EventRounds "9"]
[EventCountry "ARG"]
[Source "lmi"]
[SourceDate "2009.05.25"]

1. Nf3 Nf6 2. e3 b6 3. b3 g6 4. Bb2 Bg7 5. c4 Bb7 6. Be2 O-O 7. O-O c5 8. d4
Ne4 9. Qc1 cxd4 10. Nxd4 d6 11. Nc3 Nxc3 12. Bxc3 e5 13. Nf3 Na6 14. Rd1 Qe7
15. Qa3 Nc5 16. Nd2 Qg5 17. Bf1 Bh6 18. b4 Ne6 19. Qb3 Qh4 20. Nf3 Qe7 21. Rd2
g5 22. h3 Kh8 23. Rad1 Rad8 24. Rxd6 f6 25. c5 Ng7 26. Nxe5 fxe5 27. Rxh6 Rxd1
28. Qxd1 Nf5 29. Rd6 Nxd6 30. cxd6 Qe6 31. f4 gxf4 32. exf4 Bd5 33. Qh5 Rf7 34.
Qg5 Rf5 1-0

[Event "Primera Copa Universidad La Punta 2009"]
[Site "Buenos Aires ARG"]
[Date "2009.05.27"]
[Round "4.9"]
[White "Quiroga, Sergio"]
[Black "Ponzo, Fabian"]
[Result "1-0"]
[WhiteElo "2206"]
[BlackElo "2097"]
[PlyCount "77"]
[EventDate "2009.05.25"]
[EventType "swiss"]
[EventRounds "9"]
[EventCountry "ARG"]
[Source "lmi"]
[SourceDate "2009.05.25"]

1. d4 Nf6 2. c4 c5 3. Nf3 g6 4. Nc3 Bg7 5. g3 O-O 6. Bg2 cxd4 7. Nxd4 Nc6 8.
O-O Qb6 9. Nc2 d6 10. b3 Qa5 11. Nb5 Ne4 12. Bxe4 Bxa1 13. Nxa1 a6 14. Bd2 Qb6
15. Be3 Qa5 16. Bd2 Qb6 17. Nc3 Bh3 18. Bg2 Bxg2 19. Kxg2 Qd8 20. Nc2 Qd7 21.
Nd5 Rad8 22. Bh6 Rfe8 23. Nd4 Ne5 24. a4 Ng4 25. Bg5 f6 26. Bc1 e6 27. Nc3 h5
28. h3 Ne5 29. Qd2 Nf7 30. Bb2 e5 31. Nd5 Kg7 32. Nf3 g5 33. h4 Rh8 34. hxg5
fxg5 35. Nxg5 h4 36. Nxf7 Kxf7 37. Qg5 Rdg8 38. Qf6+ Ke8 39. Qxh8 1-0

[Event "Primera Copa Universidad La Punta 2009"]
[Site "Buenos Aires ARG"]
[Date "2009.05.28"]
[Round "4.11"]
[White "Malajovich, Sandra"]
[Black "Fabrega, Enrique"]
[Result "1-0"]
[WhiteElo "2111"]
[BlackElo "2240"]
[PlyCount "75"]
[EventDate "2009.05.25"]
[EventType "swiss"]
[EventRounds "9"]
[EventCountry "ARG"]
[Source "lmi"]
[SourceDate "2009.05.25"]

1. d4 Nf6 2. c4 c5 3. d5 e6 4. Nc3 exd5 5. cxd5 g6 6. Nf3 Bg7 7. e4 d6 8. Bg5
a6 9. a4 O-O 10. Nd2 Re8 11. Be2 Nbd7 12. f4 Qc7 13. O-O Rb8 14. Qc2 c4 15.
Nxc4 b5 16. axb5 axb5 17. e5 bxc4 18. exf6 Nxf6 19. Bxf6 Bxf6 20. Na4 Rb4 21.
Kh1 Bd7 22. Nc3 Qb6 23. Ra2 Qe3 24. Rf3 Qe7 25. h3 Bf5 26. Qd2 h5 27. Rf1 h4
28. Rfa1 Qe3 29. Rd1 Qg3 30. Bf1 g5 31. Ne2 Qf2 32. Qxb4 Rxe2 33. Bxe2 Qxe2 34.
Re1 Qc2 35. Ra8+ Kg7 36. fxg5 Bxb2 37. Qxd6 Qf2 38. Qh6# 1-0

[Event "Primera Copa Universidad La Punta 2009"]
[Site "Buenos Aires ARG"]
[Date "2009.05.28"]
[Round "4.12"]
[White "Cativelli, Gerardo"]
[Black "Gimenez, Santiago"]
[Result "0-1"]
[WhiteElo "2222"]
[BlackElo "2112"]
[PlyCount "78"]
[EventDate "2009.05.25"]
[EventType "swiss"]
[EventRounds "9"]
[EventCountry "ARG"]
[Source "lmi"]
[SourceDate "2009.05.25"]

1. d4 Nf6 2. Nf3 g6 3. Bg5 Bg7 4. e3 d6 5. Nbd2 Nbd7 6. Be2 O-O 7. O-O h6 8.
Bh4 e5 9. c3 Qe7 10. h3 Re8 11. Bg3 e4 12. Ne1 Nf8 13. a4 N6h7 14. Nc2 f5 15.
f3 Nf6 16. fxe4 fxe4 17. a5 a6 18. Nc4 N8h7 19. Qd2 Ng5 20. Nb4 Rf8 21. Kh2 Bf5
22. Rf4 Qd7 23. h4 Nf7 24. Raf1 h5 25. R4f2 Nh6 26. Kg1 Nhg4 27. Bxg4 Nxg4 28.
Re2 Rae8 29. Ree1 Qd8 30. Rb1 Bh6 31. Nc2 Bd7 32. N4a3 g5 33. Rxf8+ Rxf8 34.
Qe1 Qf6 35. b3 gxh4 36. Bxh4 Bg5 37. Bxg5 Qxg5 38. Qg3 h4 39. Qe1 Nf2 0-1

[Event "Primera Copa Universidad La Punta 2009"]
[Site "Buenos Aires ARG"]
[Date "2009.05.27"]
[Round "4.13"]
[White "Bianchi, Lucas"]
[Black "Virgillito, Cristian"]
[Result "1-0"]
[WhiteElo "2090"]
[BlackElo "2216"]
[PlyCount "85"]
[EventDate "2009.05.25"]
[EventType "swiss"]
[EventRounds "9"]
[EventCountry "ARG"]
[Source "lmi"]
[SourceDate "2009.05.25"]

1. d4 d5 2. c4 c6 3. Nf3 Nf6 4. Nc3 e6 5. Bg5 dxc4 6. e4 b5 7. e5 h6 8. Bh4 g5
9. Nxg5 hxg5 10. Bxg5 Nbd7 11. exf6 Bb7 12. g3 c5 13. d5 Qb6 14. Bg2 O-O-O 15.
O-O b4 16. Na4 Qa6 17. dxe6 Bxg2 18. e7 Bxf1 19. Qd5 Bh6 20. Bxh6 Qxa4 21.
exd8=R+ Rxd8 22. Rxf1 Qa6 23. Bf4 Qb7 24. Qxc4 Qc6 25. Rc1 Nxf6 26. Bg5 Rd6 27.
Bxf6 Rxf6 28. Qxc5 Qxc5 29. Rxc5+ Kd7 30. Rb5 Ra6 31. Rxb4 Rxa2 32. h4 Ke6 33.
Kg2 Kf6 34. g4 Kg6 35. Kg3 Ra1 36. Kf4 Kf6 37. f3 Ra5 38. h5 Ra1 39. g5+ Kg7
40. Kf5 Ra5+ 41. Kg4 Ra1 42. Rb7 Rg1+ 43. Kf5 1-0

[Event "Primera Copa Universidad La Punta 2009"]
[Site "Buenos Aires ARG"]
[Date "2009.05.27"]
[Round "4.15"]
[White "Pichot, Alan"]
[Black "Quenallata, Luciano"]
[Result "1-0"]
[WhiteElo "2014"]
[BlackElo "2165"]
[PlyCount "61"]
[EventDate "2009.05.25"]
[EventType "swiss"]
[EventRounds "9"]
[EventCountry "ARG"]
[Source "lmi"]
[SourceDate "2009.05.25"]

1. e4 d6 2. d4 Nf6 3. Nc3 g6 4. f4 Bg7 5. Nf3 c5 6. d5 O-O 7. a4 Na6 8. Bc4 b6
9. O-O Nc7 10. Qe2 a6 11. Ra3 Rb8 12. Rb3 Re8 13. Rd1 e6 14. dxe6 Bxe6 15. e5
Bxc4 16. Qxc4 d5 17. Qf1 Ng4 18. h3 Nh6 19. Nxd5 Nxd5 20. Rbd3 Qd7 21. Rxd5
Qxa4 22. Qd3 Nf5 23. b3 Qc6 24. c4 h5 25. g4 hxg4 26. hxg4 Nh6 27. f5 Nxg4 28.
f6 Bh6 29. Bxh6 Nxh6 30. Ng5 Qc8 31. e6 1-0

[Event "Primera Copa Universidad La Punta 2009"]
[Site "Buenos Aires ARG"]
[Date "2009.05.28"]
[Round "5.1"]
[White "Slipak, Sergio"]
[Black "Liascovich, Lucas"]
[Result "1/2-1/2"]
[WhiteElo "2446"]
[BlackElo "2439"]
[PlyCount "35"]
[EventDate "2009.05.25"]
[EventType "swiss"]
[EventRounds "9"]
[EventCountry "ARG"]
[Source "lmi"]
[SourceDate "2009.05.25"]

1. d4 Nf6 2. Nf3 g6 3. c4 Bg7 4. Nc3 O-O 5. Bg5 d6 6. e3 h6 7. Bh4 c5 8. d5 g5
9. Bg3 Nh5 10. Bd3 Nxg3 11. hxg3 e6 12. Qc2 exd5 13. cxd5 f5 14. O-O a6 15. a4
Qf6 16. Nd2 Nd7 17. f4 g4 18. Kf2 1/2-1/2

[Event "Primera Copa Universidad La Punta 2009"]
[Site "Buenos Aires ARG"]
[Date "2009.05.28"]
[Round "5.2"]
[White "Barrionuevo, Pablo"]
[Black "Bronstein, Luis Marcos"]
[Result "0-1"]
[WhiteElo "2320"]
[BlackElo "2401"]
[PlyCount "136"]
[EventDate "2009.05.25"]
[EventType "swiss"]
[EventRounds "9"]
[EventCountry "ARG"]
[Source "lmi"]
[SourceDate "2009.05.25"]

1. d4 Nf6 2. c4 d6 3. Nc3 e5 4. Nf3 e4 5. Ng5 Qe7 6. f3 Bf5 7. Qb3 b6 8. g4 Bg6
9. Bg2 Nc6 10. Qa4 Qd7 11. Be3 Na5 12. Qxd7+ Kxd7 13. b3 h5 14. gxh5 Rxh5 15.
Ngxe4 Nxe4 16. fxe4 Re8 17. Bf3 Rh4 18. Bf2 Rh6 19. Kd2 Be7 20. Rag1 Reh8 21.
Rg2 c6 22. e3 a6 23. Ne2 b5 24. Kc3 bxc4 25. bxc4 c5 26. Nf4 Bf6 27. Nxg6 fxg6
28. Bg4+ Ke7 29. Bg3 Nc6 30. Rd1 Rb8 31. Bf3 Rb6 32. Bf4 Rh4 33. Rg4 Rh3 34.
Bg3 g5 35. Bg2 Rh8 36. e5 dxe5 37. dxc5 e4+ 38. Kd2 Rb2+ 39. Ke1 Ne5 40. Bxe5
Bxe5 41. Rxe4 Rxg2 42. Rxe5+ Kf6 43. Rdd5 Rhxh2 44. Rf5+ Kg6 45. Kf1 Rxa2 46.
Rxg5+ Kh6 47. Kg1 g6 48. Rg3 Rhc2 49. Kh1 Rc1+ 50. Rg1 Rxc4 51. Rd4 Rxc5 52.
Rh4+ Rh5 53. Rxh5+ Kxh5 54. e4 g5 55. Re1 Kh6 56. Rf1 a5 57. Kg1 Kg6 58. Kh1 a4
59. e5 a3 60. Rf6+ Kg7 61. Ra6 Kf7 62. Kg1 Ke7 63. Kf1 g4 64. Kg1 g3 65. Kf1
Rf2+ 66. Kg1 a2 67. Ra7+ Ke6 68. Ra6+ Kxe5 0-1

[Event "Primera Copa Universidad La Punta 2009"]
[Site "Buenos Aires ARG"]
[Date "2009.05.28"]
[Round "5.3"]
[White "Fernandez, Maria F"]
[Black "Bitelmajer, Martin"]
[Result "0-1"]
[WhiteElo "2105"]
[BlackElo "2314"]
[PlyCount "94"]
[EventDate "2009.05.25"]
[EventType "swiss"]
[EventRounds "9"]
[EventCountry "ARG"]
[Source "lmi"]
[SourceDate "2009.05.25"]

1. d4 Nf6 2. c4 e6 3. Nc3 c5 4. d5 exd5 5. cxd5 d6 6. e4 g6 7. Be2 Bg7 8. Nf3
O-O 9. O-O Re8 10. Nd2 a6 11. a4 Nbd7 12. f3 Ne5 13. Nc4 Nxc4 14. Bxc4 Nh5 15.
Be3 f5 16. Qd2 Qa5 17. Bd3 Bd7 18. Rfe1 fxe4 19. Bxe4 Be5 20. Qd3 Qd8 21. Bxg6
hxg6 22. Qxg6+ Ng7 23. Bg5 Bf5 24. Qh6 Qd7 25. Ne4 Bxe4 26. fxe4 Qf7 27. Ra3
Qh5 28. Qxh5 Nxh5 29. Rb3 Rab8 30. Rb6 c4 31. Kh1 Nf4 32. Bxf4 Bxf4 33. g3 Be5
34. Kg2 Kf7 35. Rc1 Rec8 36. Rc2 Rc5 37. Kf3 Ke7 38. Ke3 Kd7 39. a5 c3 40. b4
Rb5 41. Kd3 Rf8 42. Kc4 Rxb6 43. axb6 Rf3 44. Re2 Rf1 45. Kd3 Rb1 46. Rf2 Ke7
47. Rf5 Rxb4 0-1